Modern-Day Countries of the First Mexican Empire on a Map - Statistics

General Stats
  • This quiz has been taken 5,190 times
  • The average score is 8 of 8
Answers on the Map
Answers color-coded by a green-red scale on the quiz's map according to % correct below.
 
Answer Stats
Answer % Correct
Mexico
100%
United States
100%
Belize
98%
El Salvador
98%
Guatemala
98%
Honduras
98%
Costa Rica
97%
Nicaragua
97%
No matching quizzes found
Score Distribution
Percent of People with Each Score
Percentile by Number Answered
Your Score History
You have not taken this quiz